000 00325 a2200145 4500
001 47961
040 _cAnchieta - Aquarius
100 _aHeck, Lenira Almeida
240 1 0 _aO ratinho Rói-Rói
_lpor
245 1 0 _aO ratinho Rói-Rói
300 _a23
362 0 _a2010
650 4 _aLiteratura infanto-juvenil
942 _cBK
999 _c47961
_d47961